Word Ladder: Carnivores Galore Quiz Stats

 Plays Quiz Updated Jul 13, 2017

Support Sporcle.
Go Orange.
Score 0/12 Timer 02:00
3 Plays Today
Clue 4-Letter Word % Correct
Red root vegetableBEET
98.2%
Track or swap followerMEET
97.4%
Edible animal flesh•MEAT•
96.8%
Fuel from a bogPEAT
83.8%
Place preceder in Monopoly?PARK
77.7%
SongbirdLARK
75.8%
Lively or vivaciousPERT
72.4%
Left on a liner?PORT
71%
Government money•PORK•
65%
An informal feud•BEEF•
62.9%
Laotian salad with animal flesh•LARB•
31.5%
Charles who wrote under the pen name Elia•LAMB•
29.9%

Today's Daily Dose

Missing Word
'Y-Z' Pairs

Quick Pick
MCU Directors

You're not logged in!

Compare scores with friends on all Sporcle quizzes.
OR
Log In
Forgot?

From the Vault

Outstanding Comedies, No Wins (Emmy Awards)

by El_Dandy

A track record like this is nothing to laugh at.
Remove Ads.
Support Sporcle.
Get the best of Sporcle when you Go Orange. This ad-free experience offers more features, more stats, and more fun while also helping to support Sporcle. Thank you for becoming a member.

Show Comments

Extras

Top Quizzes Today


Score Distribution

Your Account Isn't Verified!

In order to create a playlist on Sporcle, you need to verify the email address you used during registration. Go to your Sporcle Settings to finish the process.

Report this User

Report this user for behavior that violates our Community Guidelines.

Details: